000
00299nam a2200121Ia 4500
005
20260328101516.0
008
260328s9999||||xx |||||||||||||| ||und||
245
0
_a
La Catedrale D'Evreux /
260
_b
La Vie & L' art en Normandie
300
_a
72 p.
650
_a
ARQUITECTURA GÓTICA
942
_c
BK
999
_c
9384
_d
9384